[Event "Werner-Ott-Open Kreuzberger Sommer 2018"]
[Site "Berlin"]
[Date "2018.07.04"]
[Round "5.41"]
[White "Fontaine, Constantin"]
[Black "Plaza Reino, Agustin"]
[Result "0-1"]
[WhiteElo "1517"]
[BlackElo "1923"]
[PlyCount "73"]
[EventDate "2018.06.30"]
[EventType "swiss"]
[EventRounds "9"]
[EventCountry "GER"]
[SourceTitle "WOOKS_2018_R5"]
[SourceDate "2018.07.04"]
[SourceVersion "1"]
[SourceVersionDate "2018.07.04"]
[SourceQuality "1"]
[WhiteTeam "SK Tempelhof 1931"]
[BlackTeam "Enniscorthy Chess Club"]
[WhiteTeamCountry "GER"]
[BlackTeamCountry "IRL"]

1. e4 c5 2. f4 e6 3. Nf3 a6 4. d4 cxd4 5. Nxd4 Qc7 6. Be2 Nf6 7. O-O Nxe4 8. f5
Bc5 9. fxe6 dxe6 10. Qd3 Bxd4+ 11. Qxd4 Qc5 12. Qxc5 Nxc5 13. Be3 Nbd7 14. Nd2
b5 15. Bf3 Bb7 16. Bh5 O-O 17. b4 Ne4 18. c4 Nxd2 19. Rfd1 Nf6 20. Rxd2 Nxh5
21. g4 Nf6 22. g5 Ne4 23. Rd7 Bc6 24. Rc7 Rac8 25. Ra7 Ra8 26. Rc7 Rfc8 27. Re7
Kf8 28. g6 Kxe7 29. gxh7 Rh8 30. cxb5 axb5 31. Rc1 Rac8 32. a4 bxa4 33. Rc4 a3
34. Bd4 Rxh7 35. b5 Bb7 36. Ra4 Rc1+ 37. Kg2 Nc5+ 38. Kg3 Nxa4 0-1